1164 1631 1547 1765 1447 1864 1151 1727 1467 1770 1677 1554 1199 1898 1225 1809 1847 1562 1216 1075 1436 1185 1088 1179 1205 1848 1602 1709 1678 1526 1509 1293 1774 1750 1182 1653 1763 1205 1751 1407 1333 1840 1657 1737 1154 1238 1598 1019 1387 1361 1594 1187 1853 1208 1778 1560 1871 1047 1948 1863 1047 1766 1632 1015 1555 1589 1390 1506 1170 1847 1330 1059 1806 1728 1892 1856 1691 1583 1407 1342 1975 1111 1708 1607 1331 1826 1861 1862 1993 1420 1181 1822 1898 1195 1002 1267 1469 1341 1995 BCNSPRNW ULIB Ver.6.0+V

เปลี่ยนเป็นภาษาไทย

Change to English
 แสดงรายละเอียดบรรณานุกรม
  กลับหน้าหลัก

Brief Record : Get Marc (ISO 2709) : E-mail record : QR code < ปิดหน้าต่าง
LEADER : 00000nam 2200000uu 4500
001    13399110410
003     ULIB
008    110520s2010||||th 000 0 eng d
020    9780323066556
060 04 WY106^bS786f 2010
100 1  Stanhope, Marcia
245 10 Foundations of nursing in the community :^bcommunity-oriented practice /^cMarcia Stanhope, Jeanette Lancaster
250    3rd ed.
260    St. Louis, Mo. :^bMosby/Elsevier,^cc2010
300    xv, 732 p. :^bill. (some col.) ;^c28 cm.
504    Includes bibliographical references and index
650  2 Community Health Nursing
650  2 Community Health Services
700 1  Lancaster, Jeanette
945    ^p2680^l0^i030086
995    Kesorn
999 ^a ใช้งานได้ทุกระบบ
รายการนี้ยังไม่มีแท็ก
คุณยังไม่ได้ล็อกอิน คุณสามารถมีกิจกรรมร่วมกับเว็บไซต์ได้ แต่ต้องล็อกอินก่อน ::
  ล็อกอิน

รายการสื่อสารสนเทศ

ลำดับที่ ประเภท เลขเรียก/บาร์โค้ด สถานที่ สถานะ
- ไม่พบข้อมูล -

รายการใกล้เคียง
    ผู้แต่ง [Stanhope, Marcia]

    หัวเรื่อง [Community Health Nursing]
    หัวเรื่อง [Community Health Services]

BibComment


ยังไม่เคยถูกคอมเมนท์

คอมเมนท์ทรัพยากรรายการนี้
  คอมเมนท์: Foundations of nu..


 Copyright 2026. Bcnsprnw @Library